00959nam a22002057a 450000100030000000300060000300500170000900800410002602000180006704000100008508200150009510000160011024501200012626000310024630000210027750500060029852004130030452100180071752100180073591FISKH20250509103538.0230222b cb ||||| |||| 00| 0 eng d a9780545070713 cFISKH a970.015092 aRoop, Peter aDid Columbus really discover america? /band other questions about the age of explorationcby Peter and Connie Roop aNew YorkbScholasticc2008 a44 p.c20 cm.fM aM aDid you know that Christopher Columbus didn't really discover America? Millions of Native Americans lived there for thousands of years before Columbus set sail. And did you know that Columbus made four voyages across the ocean? Do you know how America got its name? Or who first sailed around South America? This book will answer all kinds of questions about Christopher Columbus and the age of exploration. 8 a690 bLexile8 aM bRaz-Plus